<?xml version="1.0" encoding="UTF-8"?>
<collection xmlns="http://www.loc.gov/MARC21/slim">
 <record>
  <leader>00556cam a2200157 7i4500</leader>
  <controlfield tag="001">0000018511</controlfield>
  <controlfield tag="005">20011210090000.0</controlfield>
  <datafield tag="020" ind1="#" ind2="0">
   <subfield code="a">0471373095 (cloth : alk. paper) </subfield>
  </datafield>
  <datafield tag="090" ind1="0" ind2="0">
   <subfield code="a">HV 6769 </subfield>
   <subfield code="b">D38</subfield>
  </datafield>
  <datafield tag="100" ind1="1" ind2="#">
   <subfield code="a">Davia, </subfield>
   <subfield code="c">1947- </subfield>
  </datafield>
  <datafield tag="245" ind1="1" ind2="0">
   <subfield code="a">Fraud 101 : </subfield>
   <subfield code="b">techniques and strategies for detection  </subfield>
   <subfield code="c">Howard R. Davia.</subfield>
  </datafield>
  <datafield tag="260" ind1="#" ind2="#">
   <subfield code="a">New York: </subfield>
   <subfield code="b">John Wiley &amp; Sons, </subfield>
   <subfield code="c">2000.</subfield>
  </datafield>
  <datafield tag="500" ind1="#" ind2="#">
   <subfield code="a">Includes index.</subfield>
  </datafield>
  <datafield tag="650" ind1="0" ind2="0">
   <subfield code="a">Fraud investigation -- </subfield>
   <subfield code="z">United States. </subfield>
  </datafield>
  <datafield tag="650" ind1="0" ind2="0">
   <subfield code="a">Commercial crimes -- </subfield>
   <subfield code="x">Prevention. -- </subfield>
   <subfield code="z">United States </subfield>
  </datafield>
  <datafield tag="999" ind1=" " ind2=" ">
   <subfield code="a">1100004334</subfield>
   <subfield code="b">Book</subfield>
   <subfield code="c">Open Shelf</subfield>
   <subfield code="e">KOLEKSI TERBUKA</subfield>
  </datafield>
 </record>
</collection>
